[Event "DEM U10 2016"]
[Site "Willingen GER"]
[Date "2016.05.20"]
[Round "9"]
[White "Bui, Bao Anh Le"]
[Black "Wagner, Leopold Franziskus"]
[Result "1-0"]
[Termination "normal"]
[Board "1"]
[WhiteElo "1659"]
[BlackElo "1844"]
[WhiteClock "00:47:48"]
[BlackClock "00:32:39"]
[PlyCount "121"]
[WhiteFideId "12970719"]
[BlackFideId "1641581"]
[EventCountry "GER"]
[EventRounds "11"]
[EventType "swiss"]
[EventDate "2016.05.14"]

1. e4 c5 2. Nf3 Nc6 3. d4 cxd4 4. Nxd4 Nf6 5. Nc3 g6 6. Be3 Bg7 7. Bc4 O-O 8.
Bb3 d6 9. f3 Bd7 10. Qd2 Rc8 11. O-O-O Ne5 12. g4 Nc4 13. Bxc4 Rxc4 14. Kb1 Qc8
15. h4 h5 16. g5 Nh7 17. Nd5 Qd8 18. Qd3 Rc8 19. f4 e6 20. Nc3 Qa5 21. Nb3 Qb4
22. Qxd6 Qxd6 23. Rxd6 Bc6 24. Bd4 e5 25. Bxe5 Bxe5 26. fxe5 Rfe8 27. Nd4 Rxe5
28. Nxc6 bxc6 29. Rhd1 Nf8 30. Rd8 Rxd8 31. Rxd8 Kg7 32. Ra8 Ne6 33. Rxa7 Nc5
34. Ra5 f5 35. b4 f4 36. Rxc5 f3 37. Nd1 Rxe4 38. c3 Rxh4 39. a4 Rh2 40. a5 f2
41. Nxf2 Rxf2 42. a6 h4 43. a7 Rf8 44. Rxc6 h3 45. Rc7+ Kg8 46. Rc4 h2 47. Rh4
Ra8 48. Rxh2 Rxa7 49. Kb2 Kf7 50. Rh7+ Ke6 51. Rxa7 Kf5 52. b5 Kxg5 53. b6 Kh4
54. b7 g5 55. b8=Q Kg4 56. Ra4+ Kf3 57. Qd6 g4 58. Qd3+ Kf2 59. Kb3 g3 60. Ra2+
Ke1 61. Qb1# 1-0

[Event "DEM U10 2016"]
[Site "Willingen GER"]
[Date "2016.05.20"]
[Round "9"]
[White "Rössel, Gino"]
[Black "Tham, Nam"]
[Result "1-0"]
[Termination "normal"]
[Board "2"]
[WhiteElo "1682"]
[BlackElo "1575"]
[WhiteClock "00:12:57"]
[BlackClock "00:00:35"]
[PlyCount "91"]
[WhiteFideId "16203070"]
[BlackFideId "12997331"]
[EventCountry "GER"]
[EventRounds "11"]
[EventType "swiss"]
[EventDate "2016.05.14"]

1. e4 e5 2. Nf3 Nc6 3. Bb5 a6 4. Ba4 Nf6 5. d3 b5 6. Bb3 Bc5 7. O-O O-O 8. c3
d6 9. Re1 Re8 10. Nbd2 h6 11. Nf1 Bb7 12. Ng3 Ne7 13. d4 exd4 14. cxd4 Bb6 15.
Bc2 Ng6 16. b3 Qd7 17. Bb2 Rad8 18. Qd2 Qg4 19. h3 Qf4 20. Qd3 Nh4 21. Nxh4
Qxh4 22. Nf5 Qg5 23. Bc1 Qg6 24. f3 Nd7 25. Be3 Nf8 26. d5 Bxe3+ 27. Rxe3 Nd7
28. f4 Qf6 29. Rf1 Nc5 30. Qe2 Bc8 31. e5 dxe5 32. fxe5 Qb6 33. Qg4 Bxf5 34.
Qxf5 Qg6 35. Qf2 Qh5 36. g4 Qg5 37. Qxf7+ Kh8 38. Ref3 Nd7 39. e6 Nf6 40. Rxf6
Qe3+ 41. Kg2 Qd2+ 42. R1f2 Qxd5+ 43. Kg1 Qd4 44. Qg6 Qa1+ 45. Kg2 Qg1+ 46. Kxg1
1-0

[Event "DEM U10 2016"]
[Site "Willingen GER"]
[Date "2016.05.20"]
[Round "9"]
[White "Hommer, Jeremy"]
[Black "Lutz, Adam"]
[Result "1-0"]
[Termination "normal"]
[Board "3"]
[WhiteElo "1741"]
[BlackElo "1601"]
[WhiteClock "00:27:37"]
[BlackClock "00:47:53"]
[PlyCount "61"]
[WhiteFideId "12992577"]
[BlackFideId "16226615"]
[EventCountry "GER"]
[EventRounds "11"]
[EventType "swiss"]
[EventDate "2016.05.14"]

1. d4 d5 2. Nf3 Nf6 3. e3 Bf5 4. b3 e6 5. Bd3 Bxd3 6. Qxd3 a6 7. O-O Bd6 8. Bb2
O-O 9. Nbd2 Nbd7 10. Ne5 c5 11. f4 Rc8 12. Kh1 b5 13. c4 Qb6 14. Rab1 Rfd8 15.
Qe2 Qa5 16. Ra1 dxc4 17. bxc4 Nxe5 18. fxe5 Bxe5 19. Nb3 Qb4 20. dxe5 bxc4 21.
exf6 cxb3 22. a3 Qa5 23. Rfd1 Rxd1+ 24. Qxd1 c4 25. Rc1 h6 26. Qd4 Qa4 27. h3
Qb5 28. fxg7 c3 29. Rxc3 Rb8 30. Qc4 Qf5 31. Qc8+ 1-0

[Event "DEM U10 2016"]
[Site "Willingen GER"]
[Date "2016.05.20"]
[Round "9"]
[White "Fuchs, Florian"]
[Black "Huo, Da"]
[Result "1-0"]
[Termination "normal"]
[Board "4"]
[WhiteElo "1724"]
[BlackElo "1703"]
[WhiteClock "00:15:43"]
[BlackClock "00:08:32"]
[PlyCount "131"]
[WhiteFideId "16213351"]
[BlackFideId "16221206"]
[EventCountry "GER"]
[EventRounds "11"]
[EventType "swiss"]
[EventDate "2016.05.14"]

1. e4 c5 2. Nf3 e6 3. d4 cxd4 4. Nxd4 a6 5. c4 Qc7 6. Nc3 Nf6 7. a3 b6 8. Be3
Bb7 9. f3 Bd6 10. g3 Be7 11. Rc1 d6 12. Bg2 Nbd7 13. O-O O-O 14. f4 Nc5 15. Qc2
Rac8 16. Rfe1 Rfd8 17. b4 Ncd7 18. Qb1 Qb8 19. Na4 Qa8 20. Bf2 Ng4 21. Bh3 Nxf2
22. Kxf2 b5 23. Nb2 Qa7 24. Rcd1 e5 25. fxe5 dxe5 26. c5 exd4 27. Rxd4 Nf6 28.
Red1 Rxd4 29. Rxd4 Re8 30. e5 Ne4+ 31. Rxe4 Bxe4 32. Qxe4 Bf6 33. Qc6 Qe7 34.
exf6 Qe1+ 35. Kg2 Re2+ 36. Kf3 Qh1+ 37. Kxe2 Qxc6 38. fxg7 Qe4+ 39. Kd2 Qd4+
40. Kc2 Qf2+ 41. Kb1 Qg1+ 42. Ka2 Qxh2 43. Bc8 Qxg3 44. Bxa6 h5 45. Bxb5 h4 46.
a4 h3 47. Bc6 Qe1 48. b5 h2 49. Ka3 Qc3+ 50. Ka2 Qxc5 51. a5 Qa7 52. Nc4 Qf2+
53. Kb3 Qg1 54. b6 h1=Q 55. Bxh1 Qxh1 56. a6 Qb1+ 57. Ka4 Qa2+ 58. Kb5 f5 59.
b7 Kxg7 60. Kb6 Qf2+ 61. Kb5 Qa7 62. Na5 Qg1 63. Nc6 Qf1+ 64. Kb6 Qb1+ 65. Kc7
Qd3 66. a7 1-0

[Event "DEM U10 2016"]
[Site "Willingen GER"]
[Date "2016.05.20"]
[Round "9"]
[White "Grunert, Wilhelm"]
[Black "Laux, Dominik"]
[Result "0-1"]
[Termination "normal"]
[Board "5"]
[WhiteElo "1374"]
[BlackElo "1529"]
[WhiteClock "00:55:26"]
[BlackClock "00:40:04"]
[PlyCount "88"]
[WhiteFideId "12995673"]
[BlackFideId "12994219"]
[EventCountry "GER"]
[EventRounds "11"]
[EventType "swiss"]
[EventDate "2016.05.14"]

1. e4 d5 2. exd5 Nf6 3. c4 c6 4. d4 cxd5 5. Nc3 Nc6 6. Nf3 Bg4 7. cxd5 Nxd5 8.
Qb3 Bxf3 9. gxf3 Nxc3 10. bxc3 Qd7 11. d5 Na5 12. Qb4 Qxd5 13. Bb5+ Nc6 14. Ke2
e6 15. Bxc6+ Qxc6 16. Qb3 Be7 17. Rg1 Bf6 18. Bb2 Rc8 19. Rac1 Qc4+ 20. Qxc4
Rxc4 21. Kd3 Rh4 22. Rg2 O-O 23. Kc2 Be5 24. Rcg1 Rxh2 25. c4 Rxg2 26. Rxg2
Bxb2 27. Kxb2 Rc8 28. Kb3 Rc5 29. Kb4 b6 30. Rg1 h5 31. Rd1 h4 32. Rh1 g5 33.
Rg1 f6 34. f4 Kf7 35. fxg5 fxg5 36. a4 Kf6 37. Rd1 Rf5 38. Rd7 a5+ 39. Kb3 Rf3+
40. Kc2 Rxf2+ 41. Kb3 h3 42. Rh7 h2 43. Rh3 g4 44. Rh4 g3 0-1

[Event "DEM U10 2016"]
[Site "Willingen GER"]
[Date "2016.05.20"]
[Round "9"]
[White "Farokhi, Keyvan"]
[Black "Eilenberg, Jonas"]
[Result "1/2-1/2"]
[Termination "normal"]
[Board "7"]
[WhiteElo "1585"]
[BlackElo "1494"]
[WhiteClock "00:20:01"]
[BlackClock "00:13:56"]
[PlyCount "48"]
[WhiteFideId "12998630"]
[BlackFideId "16204271"]
[EventCountry "GER"]
[EventRounds "11"]
[EventType "swiss"]
[EventDate "2016.05.14"]

1. e4 e5 2. Nf3 Nc6 3. Bc4 Bc5 4. c3 Nf6 5. d3 a6 6. O-O d6 7. Bb3 Ba7 8. h3 h6
9. Re1 O-O 10. d4 exd4 11. cxd4 Re8 12. Nc3 Nh7 13. a3 Na5 14. Ba2 b5 15. b4
Nb7 16. Nh2 c6 17. Be3 Bb8 18. f4 a5 19. d5 Bd7 20. Bf2 Ba7 21. Bxa7 Rxa7 22.
dxc6 Bxc6 23. Qh5 Re7 24. Nd5 Bxd5 1/2-1/2

[Event "DEM U10 2016"]
[Site "Willingen GER"]
[Date "2016.05.20"]
[Round "9"]
[White "Nitsche, Nikolai"]
[Black "Gluma, Christian"]
[Result "0-1"]
[Termination "normal"]
[Board "8"]
[WhiteElo "1371"]
[BlackElo "1468"]
[WhiteClock "01:02:19"]
[BlackClock "00:14:20"]
[PlyCount "144"]
[WhiteFideId "16221036"]
[BlackFideId "16223209"]
[EventCountry "GER"]
[EventRounds "11"]
[EventType "swiss"]
[EventDate "2016.05.14"]

1. d4 d5 2. Bf4 c5 3. e3 Nc6 4. c3 Qb6 5. Qb3 e6 6. Nf3 Be7 7. Be2 h6 8. O-O
Nf6 9. Nbd2 O-O 10. dxc5 Bxc5 11. c4 Bd7 12. Rac1 Rac8 13. Qxb6 Bxb6 14. Bd6
Rfd8 15. c5 Bc7 16. Bxc7 Rxc7 17. a3 Rdc8 18. b4 Kf8 19. Bd3 Ke7 20. Nb3 Nd8
21. Rfe1 Ba4 22. Nbd4 Bd7 23. e4 dxe4 24. Bxe4 Nxe4 25. Rxe4 b6 26. Nb3 Ba4 27.
Nfd2 Nb7 28. Rec4 Rd8 29. Nd4 b5 30. Nxb5 Bxb5 31. R4c2 Ba4 32. Rb2 Rd3 33. Nc4
Rcd7 34. h3 Rd1+ 35. Rxd1 Rxd1+ 36. Kh2 Rc1 37. Ne5 f6 38. Nf3 Rc2 39. Rxc2
Bxc2 40. c6 Nd6 41. Nd4 Ba4 42. c7 Kd7 43. Kg3 Nf5+ 44. Nxf5 exf5 45. Kf4 g6
46. h4 Kxc7 47. h5 Be8 48. g4 fxg4 49. hxg6 Bxg6 50. Kxg4 Kd6 51. a4 Kd5 52.
Kf4 Kc4 53. b5 Kb4 54. b6 axb6 55. Kg4 Kxa4 56. f4 f5+ 57. Kf3 b5 58. Ke3 b4
59. Kd2 h5 60. Ke2 b3 61. Kd2 h4 62. Ke2 b2 63. Kd2 b1=Q 64. Kc3 Qd1 65. Kc4 h3
66. Kc5 Qd3 67. Kc6 Qd4 68. Kc7 Qd5 69. Kc8 Qf7 70. Kd8 Kb5 71. Kc8 Kb6 72. Kd8
Qc7# 0-1

[Event "DEM U10 2016"]
[Site "Willingen GER"]
[Date "2016.05.20"]
[Round "9"]
[White "Schwartz, Oliver"]
[Black "Schubert, Nikita"]
[Result "0-1"]
[Termination "normal"]
[Board "9"]
[WhiteElo "1440"]
[BlackElo "1652"]
[WhiteClock "00:13:35"]
[BlackClock "00:05:19"]
[PlyCount "78"]
[WhiteFideId "16207459"]
[BlackFideId "16212339"]
[EventCountry "GER"]
[EventRounds "11"]
[EventType "swiss"]
[EventDate "2016.05.14"]

1. e4 c5 2. Nf3 a6 3. d4 cxd4 4. Nxd4 Nf6 5. Nc3 e5 6. Nf3 Bb4 7. Bd2 Nc6 8.
Bd3 d6 9. O-O Bg4 10. h3 Bh5 11. a3 Bxc3 12. Bxc3 O-O 13. Re1 Re8 14. Bc4 Qc7
15. Qd3 Rad8 16. Rad1 Bg6 17. Rd2 d5 18. Bb3 dxe4 19. Qe3 exf3 20. Qxf3 Rxd2
21. Bxd2 Nd4 22. Qg3 Nxb3 23. cxb3 Ne4 24. Qe3 Nxd2 25. Qxd2 h6 26. Qb4 Kh7 27.
f4 e4 28. Qd2 Rd8 29. Qf2 b6 30. b4 f5 31. g3 Qd6 32. Re3 Qd4 33. Kg2 Rc8 34.
Qe2 b5 35. g4 Rc1 36. gxf5 Bxf5 37. Qf2 Qd1 38. Re2 Qh1+ 39. Kg3 Qxh3# 0-1

[Event "DEM U10 2016"]
[Site "Willingen GER"]
[Date "2016.05.20"]
[Round "9"]
[White "Metzdorf, Matteo"]
[Black "Strehse, Nelson"]
[Result "1-0"]
[Termination "normal"]
[Board "10"]
[WhiteElo "1211"]
[BlackElo "1354"]
[PlyCount "150"]
[WhiteFideId "16209869"]
[BlackFideId "16228898"]
[EventCountry "GER"]
[EventRounds "11"]
[EventType "swiss"]
[EventDate "2016.05.14"]

1. e4 e5 2. Nf3 Nc6 3. Bb5 a6 4. Ba4 Nf6 5. O-O Nxe4 6. d4 Be7 7. dxe5 Nc5 8.
Bb3 Nxb3 9. cxb3 O-O 10. Nc3 d6 11. Qe2 Bg4 12. exd6 Bxd6 13. Rd1 Ne5 14. Bf4
Re8 15. Bxe5 Rxe5 16. Qxe5 Bxf3 17. Qe3 Bxd1 18. Rxd1 Qe7 19. Qxe7 Bxe7 20. Rd7
Re8 21. g3 Bd6 22. Nd5 Rc8 23. Nb6 Re8 24. Nc4 Kf8 25. Nxd6 cxd6 26. Rxb7 Re1+
27. Kg2 Rb1 28. Rb6 Rxb2 29. Rxa6 d5 30. Rd6 Rxa2 31. Rxd5 Rb2 32. Rd3 Ke7 33.
Kf3 Ke6 34. Kg2 Kf5 35. Rd5+ Ke6 36. Rb5 Kf6 37. b4 Ke6 38. Rb7 Kf6 39. b5 Kg6
40. Rb6+ f6 41. Rb8 Kh6 42. b6 Kg6 43. h4 h6 44. b7 Kf5 45. Kh3 Kg6 46. Kg4
Rb4+ 47. Kf3 Rb3+ 48. Ke4 Rb1 49. Kd3 Rb2 50. Kc3 Rb1 51. g4 Rb5 52. Kc4 Rb1
53. Kd5 Rd1+ 54. Ke6 Re1+ 55. Kd7 Rd1+ 56. Ke8 Re1+ 57. Kf8 Rb1 58. Kg8 Rb2 59.
f4 f5 60. h5+ Kf6 61. Rf8+ Ke6 62. gxf5+ Ke7 63. b8=Q Rxb8 64. Rxb8 Kf6 65.
Rf8+ Ke7 66. Kxg7 Kd6 67. Re8 Kd7 68. Re1 Kd6 69. f6 Kd5 70. f7 Kd4 71. f8=R
Kd3 72. Rd8+ Kc2 73. Re7 Kc3 74. Rc7+ Kb4 75. Rb8+ Ka5 1-0

[Event "DEM U10 2016"]
[Site "Willingen GER"]
[Date "2016.05.20"]
[Round "9"]
[White "Schlie, Johann"]
[Black "Toval, David"]
[Result "0-1"]
[Termination "normal"]
[Board "11"]
[WhiteElo "1244"]
[BlackElo "1516"]
[PlyCount "76"]
[WhiteFideId "16211596"]
[BlackFideId "12992755"]
[EventCountry "GER"]
[EventRounds "11"]
[EventType "swiss"]
[EventDate "2016.05.14"]

1. e4 c5 2. Nf3 d6 3. d4 cxd4 4. Nxd4 Nf6 5. Nc3 a6 6. f3 e6 7. Be3 Be7 8. Qd2
O-O 9. O-O-O b5 10. g4 Nfd7 11. g5 Bb7 12. Bd3 Nc6 13. Nce2 Nde5 14. f4 Nxd3+
15. Qxd3 Nb4 16. Qb3 a5 17. Ng3 d5 18. Kb1 a4 19. Qc3 Rc8 20. Qe1 Qe8 21. a3
Na6 22. e5 b4 23. axb4 Bxb4 24. c3 Ba5 25. f5 Nc5 26. f6 g6 27. h4 Nb3 28. Nxb3
axb3 29. Bd4 Qa4 30. h5 Qa2+ 31. Kc1 Qa1+ 32. Kd2 Qxb2+ 33. Ke3 Bxc3 34. Bxc3
Rxc3+ 35. Kf4 Rc4+ 36. Kf3 d4+ 37. Kg4 d3+ 38. Kh3 Qg2# 0-1

[Event "DEM U10 2016"]
[Site "Willingen GER"]
[Date "2016.05.20"]
[Round "9"]
[White "Lehmann, Nils"]
[Black "Phan Trong, Dai"]
[Result "1/2-1/2"]
[Termination "normal"]
[Board "12"]
[WhiteElo "1461"]
[BlackElo "1376"]
[PlyCount "41"]
[WhiteFideId "12982610"]
[BlackFideId "16236939"]
[EventCountry "GER"]
[EventRounds "11"]
[EventType "swiss"]
[EventDate "2016.05.14"]

1. e4 e5 2. Nf3 Nc6 3. Bc4 Bc5 4. c3 Nf6 5. d3 h6 6. O-O d6 7. Nbd2 Be6 8. Bb5
O-O 9. h3 a6 10. Ba4 b5 11. Bc2 d5 12. Qe2 Qd6 13. Rd1 d4 14. Nf1 b4 15. c4 a5
16. b3 Rfe8 17. Ng3 Ne7 18. Re1 Rad8 19. Bd2 Ra8 20. Qd1 Nd7 21. Re2 1/2-1/2

[Event "DEM U10 2016"]
[Site "Willingen GER"]
[Date "2016.05.20"]
[Round "9"]
[White "Klonov, Jakov"]
[Black "Kodalle, Dominik"]
[Result "1-0"]
[Termination "normal"]
[Board "13"]
[WhiteElo "1333"]
[BlackElo "1399"]
[PlyCount "131"]
[WhiteFideId "16211928"]
[BlackFideId "16208722"]
[EventCountry "GER"]
[EventRounds "11"]
[EventType "swiss"]
[EventDate "2016.05.14"]

1. e4 c5 2. c3 e6 3. d4 d5 4. Nd2 Nc6 5. Ngf3 Qb6 6. Bd3 Bd7 7. O-O cxd4 8.
cxd4 Nxd4 9. Nxd4 Qxd4 10. Nb3 Qe5 11. Nd2 Nf6 12. Nf3 Qc7 13. exd5 Nxd5 14.
Re1 Bd6 15. Bxh7 Rxh7 16. Qxd5 Bxh2+ 17. Kf1 a6 18. a4 Rd8 19. Qg5 Qc4+ 20. Re2
Bxa4 21. Bd2 Bb5 22. Rae1 Qc6 23. Nxh2 Rxh2 24. Kg1 Bxe2 25. Kxh2 Bd3 26. Qxg7
Bg6 27. Bg5 Qd6+ 28. g3 Rc8 29. Qf6 Kd7 30. Re2 Rc5 31. Rd2 Rd5 32. Qd8+ Kc6
33. Qc8+ Kb5 34. Qxb7+ Ka4 35. b3+ Ka3 36. Be7 Rxd2 37. Bxd6+ Rxd6 38. Qe7 Kxb3
39. Qxd6 a5 40. Qb6+ Ka4 41. Kg1 Bd3 42. Qd4+ Ka3 43. Qxd3+ Ka4 44. Qd4+ Ka3
45. Qa1+ Kb4 46. Kf1 a4 47. Ke2 a3 48. Kd2 Kb3 49. Kc1 f5 50. Qb1+ Kc3 51. Qc2+
Kb4 52. Kb1 e5 53. Ka2 e4 54. Qb3+ Kc5 55. Qxa3+ Kd4 56. Qe3+ Kc4 57. Qf4 Kd3
58. Qxf5 Ke2 59. Qxe4+ Kxf2 60. Kb2 Kxg3 61. Kc2 Kf2 62. Kd2 Kf1 63. Qe2+ Kg1
64. Ke3 Kh1 65. Kf3 Kg1 66. Qg2# 1-0

[Event "DEM U10 2016"]
[Site "Willingen GER"]
[Date "2016.05.20"]
[Round "9"]
[White "Werner, Denis"]
[Black "Sinnhöfer, Joshua"]
[Result "1-0"]
[Termination "normal"]
[Board "14"]
[WhiteElo "1397"]
[BlackElo "1308"]
[PlyCount "75"]
[WhiteFideId "16226429"]
[BlackFideId "16201361"]
[EventCountry "GER"]
[EventRounds "11"]
[EventType "swiss"]
[EventDate "2016.05.14"]

1. c4 e5 2. Nc3 Nf6 3. g3 c6 4. Bg2 d5 5. cxd5 cxd5 6. d3 Nc6 7. e3 Be6 8. Nge2
Be7 9. O-O O-O 10. d4 e4 11. Nf4 Bd6 12. Nxe6 fxe6 13. Bd2 Nb4 14. f3 exf3 15.
Bxf3 a6 16. a3 Nc6 17. Na4 Nd7 18. Bg4 Qe7 19. Bh3 b5 20. Nc3 Rfe8 21. Qg4 Nb6
22. Rae1 Na5 23. e4 Nb3 24. Bg5 Qd7 25. exd5 Qc7 26. dxe6 Nxd4 27. Rf7 Qc5 28.
Be3 Be5 29. Bf2 Rxe6 30. Qxe6 Nxe6 31. Bxc5 Nxc5 32. Rxe5 Kxf7 33. Rxc5 Nc4 34.
Bg2 Rb8 35. Bd5+ Kg6 36. Bxc4 bxc4 37. Rxc4 Rxb2 38. Rc6+ 1-0

[Event "DEM U10 2016"]
[Site "Willingen GER"]
[Date "2016.05.20"]
[Round "9"]
[White "Hagner, Bennet"]
[Black "Bakiyev, Diyar"]
[Result "1-0"]
[Termination "normal"]
[Board "15"]
[WhiteElo "1370"]
[BlackElo "1027"]
[PlyCount "83"]
[WhiteFideId "16224477"]
[BlackFideId "16230531"]
[EventCountry "GER"]
[EventRounds "11"]
[EventType "swiss"]
[EventDate "2016.05.14"]

1. e4 e5 2. Nf3 Nc6 3. Nc3 Nf6 4. Bc4 Bc5 5. O-O O-O 6. d3 d6 7. h3 h6 8. Na4
Na5 9. Be3 Nxc4 10. Bxc5 Bd7 11. dxc4 Bxa4 12. Be3 Nxe4 13. Re1 Nf6 14. Nh4 d5
15. Qf3 Bxc2 16. Qg3 Ne4 17. Qg4 Nf6 18. Qe2 Bh7 19. cxd5 Nxd5 20. Qg4 Nxe3 21.
Rxe3 f6 22. Rd1 Qe8 23. Rg3 Rf7 24. Re1 Qd7 25. Qh5 Kh8 26. Rd1 Qe8 27. Kh2 f5
28. Rd5 Re7 29. Qf3 e4 30. Qc3 Qc6 31. Qd4 Qf6 32. Rd8+ Rxd8 33. Qxd8+ Bg8 34.
Ng6+ Kh7 35. Qxe7 Qxb2 36. Ne5 Qxe5 37. Qxe5 g5 38. Qxf5+ Kh8 39. Qg6 e3 40.
Qxh6+ Bh7 41. Rf3 exf2 42. Rf8# 1-0

[Event "DEM U10 2016"]
[Site "Willingen GER"]
[Date "2016.05.20"]
[Round "9"]
[White "Neuber, Pascal"]
[Black "May, Ben-Iven"]
[Result "1/2-1/2"]
[Termination "normal"]
[Board "16"]
[WhiteElo "1309"]
[BlackElo "1330"]
[PlyCount "66"]
[WhiteFideId "16227611"]
[BlackFideId "16229673"]
[EventCountry "GER"]
[EventRounds "11"]
[EventType "swiss"]
[EventDate "2016.05.14"]

1. e4 c6 2. d4 d5 3. e5 Bf5 4. Nf3 e6 5. Be2 c5 6. Be3 Qb6 7. Nc3 Nc6 8. O-O
O-O-O 9. Na4 Qc7 10. Rc1 f6 11. c4 fxe5 12. cxd5 Rxd5 13. Nxc5 Bxc5 14. Rxc5
Rxc5 15. dxc5 Nf6 16. Qb3 Ng4 17. h3 Nxe3 18. Qxe3 h6 19. a3 a5 20. b4 axb4 21.
axb4 Nxb4 22. Qxe5 Qxe5 23. Nxe5 Rd8 24. Nf7 Rd2 25. Nd6+ Kc7 26. Nxf5 exf5 27.
Bf3 Rc2 28. Re1 Rxc5 29. Re7+ Kd6 30. Rxb7 Rc1+ 31. Kh2 Nd3 32. Kg3 Rc7 33.
Rb6+ Ke5 1/2-1/2

[Event "DEM U10 2016"]
[Site "Willingen GER"]
[Date "2016.05.20"]
[Round "9"]
[White "Amato, Cristiano"]
[Black "Hagenbeck-Hübert, Ben"]
[Result "0-1"]
[Termination "normal"]
[Board "17"]
[WhiteElo "1187"]
[BlackElo "1428"]
[PlyCount "78"]
[WhiteFideId "12998460"]
[BlackFideId "16230779"]
[EventCountry "GER"]
[EventRounds "11"]
[EventType "swiss"]
[EventDate "2016.05.14"]

1. e4 e5 2. Nf3 Nc6 3. Bc4 Nf6 4. d3 Bc5 5. c3 a6 6. O-O Ba7 7. Nbd2 d6 8. b4
Bg4 9. h3 Bh5 10. Re1 O-O 11. Nf1 h6 12. Ng3 Bg6 13. Rf1 d5 14. exd5 Nxd5 15.
Bb2 Nb6 16. Re1 Nxc4 17. dxc4 f6 18. c5 a5 19. a3 Ne7 20. Qe2 Qe8 21. bxa5 Qc6
22. Qc4+ Bf7 23. Qg4 Bxc5 24. Ne4 f5 25. Qxf5 Nxf5 26. Nxe5 Qb5 27. Rab1 Rfe8
28. a4 Qxa5 29. Nd7 Bb6 30. g4 Nh4 31. Nxb6 Qxb6 32. Nd2 Qc6 33. f3 Nxf3+ 34.
Nxf3 Qxf3 35. Rf1 Qxh3 36. Rf2 Bd5 37. Rh2 Qg3+ 38. Kf1 Qxh2 39. Bc1 Qg2# 0-1

[Event "DEM U10 2016"]
[Site "Willingen GER"]
[Date "2016.05.20"]
[Round "9"]
[White "Hänselmann, Hendrik"]
[Black "Lox, Nils Norman"]
[Result "0-1"]
[Termination "normal"]
[Board "18"]
[WhiteElo "1000"]
[BlackElo "1480"]
[PlyCount "40"]
[WhiteFideId "16232755"]
[BlackFideId "16221389"]
[EventCountry "GER"]
[EventRounds "11"]
[EventType "swiss"]
[EventDate "2016.05.14"]

1. d4 d5 2. c4 e6 3. Nc3 f5 4. e3 Nf6 5. Nf3 c6 6. Bd3 Bd6 7. O-O O-O 8. c5 Be7
9. Ne5 Ne4 10. Bd2 Nd7 11. b4 Bf6 12. Nxd7 Bxd7 13. Nxe4 fxe4 14. Be2 e5 15.
dxe5 Bxe5 16. Rc1 Qh4 17. f4 exf3 18. g3 Bxg3 19. hxg3 Qxg3+ 20. Kh1 Qg2# 0-1

[Event "DEM U10 2016"]
[Site "Willingen GER"]
[Date "2016.05.20"]
[Round "9"]
[White "Feng, Felix"]
[Black "Theile, Cedric"]
[Result "1/2-1/2"]
[Termination "normal"]
[Board "19"]
[WhiteElo "1100"]
[BlackElo "1287"]
[PlyCount "56"]
[WhiteFideId "16275179"]
[BlackFideId "16283228"]
[EventCountry "GER"]
[EventRounds "11"]
[EventType "swiss"]
[EventDate "2016.05.14"]

1. d4 d5 2. c4 c6 3. Nf3 Nf6 4. g3 g6 5. Bg2 Bg7 6. O-O O-O 7. Nbd2 Nbd7 8. Qc2
b6 9. e4 Ba6 10. e5 Ne8 11. b3 Nc7 12. Bb2 Re8 13. Rfe1 f6 14. exf6 exf6 15.
Rac1 Ne6 16. Nh4 Bb7 17. Re2 Kf7 18. Rce1 Rc8 19. Bh3 Ndf8 20. Ndf3 Qd6 21. Qd2
Ba6 22. Qc2 c5 23. Ba3 Qd8 24. dxc5 bxc5 25. Rd2 d4 26. Qb1 Qa5 27. Bc1 Rb8 28.
Rde2 Bc8 1/2-1/2

[Event "DEM U10 2016"]
[Site "Willingen GER"]
[Date "2016.05.20"]
[Round "9"]
[White "Walter, Alexander"]
[Black "Langer, Paul Georg"]
[Result "1-0"]
[Termination "normal"]
[Board "20"]
[WhiteElo "1128"]
[BlackElo "1170"]
[PlyCount "37"]
[WhiteFideId "16227620"]
[BlackFideId "16230051"]
[EventCountry "GER"]
[EventRounds "11"]
[EventType "swiss"]
[EventDate "2016.05.14"]

1. e4 e5 2. Nf3 Nc6 3. Bc4 Bc5 4. c3 Nf6 5. d4 exd4 6. e5 Ne4 7. Bd5 f5 8. cxd4
Bb4+ 9. Bd2 Bxd2+ 10. Nbxd2 Nxd2 11. Qxd2 h6 12. Bb3 Qe7 13. O-O Kd8 14. Rfe1
g5 15. Qc3 Nb8 16. d5 d6 17. exd6 Qxd6 18. Qxh8+ Kd7 19. Qe8# 1-0

[Event "DEM U10 2016"]
[Site "Willingen GER"]
[Date "2016.05.20"]
[Round "9"]
[White "Amrhein, Dennis"]
[Black "Müller, Linus"]
[Result "0-1"]
[Termination "normal"]
[Board "21"]
[WhiteElo "1132"]
[BlackElo "1077"]
[PlyCount "74"]
[WhiteFideId "16254570"]
[BlackFideId "16245946"]
[EventCountry "GER"]
[EventRounds "11"]
[EventType "swiss"]
[EventDate "2016.05.14"]

1. d4 Nf6 2. Bf4 e6 3. e3 d5 4. c4 c5 5. Nc3 Nc6 6. Nf3 Be7 7. Be2 O-O 8. O-O
a6 9. Be5 dxc4 10. Bxc4 cxd4 11. exd4 b6 12. Bb3 Bb7 13. Qe2 Ng4 14. Bg3 Nxd4
15. Nxd4 Qxd4 16. Bxe6 fxe6 17. Qxe6+ Rf7 18. Rad1 Qc4 19. Qd7 Bc8 20. Qe8+ Bf8
21. Rfe1 Bb7 22. Rd8 Rxd8 23. Qxd8 Qc8 24. Qh4 Qc6 25. Re4 Nf6 26. f3 Nxe4 27.
fxe4 Qc4 28. Bf2 Bc5 29. Qd8+ Rf8 30. Qd1 Rxf2 31. Ne2 Qxe2 32. Qxe2 Rxe2+ 33.
Kf1 Rf2+ 34. Ke1 Bxe4 35. Kd1 Be3 36. h4 Bd3 37. Ke1 Rf1# 0-1

[Event "DEM U10 2016"]
[Site "Willingen GER"]
[Date "2016.05.20"]
[Round "9"]
[White "Bungarten, Jona"]
[Black "Sallandt, Frido"]
[Result "1-0"]
[Termination "normal"]
[Board "22"]
[WhiteElo "1466"]
[BlackElo "1080"]
[PlyCount "60"]
[WhiteFideId "16223608"]
[BlackFideId "16231767"]
[EventCountry "GER"]
[EventRounds "11"]
[EventType "swiss"]
[EventDate "2016.05.14"]

1. e4 e5 2. Nf3 Nc6 3. Bc4 Be7 4. d4 exd4 5. Nxd4 Nf6 6. Nc3 O-O 7. O-O Bc5 8.
Nxc6 dxc6 9. Qf3 Bg4 10. Qg3 Qd7 11. Bg5 Kh8 12. Bd3 Rg8 13. Qh4 Be6 14. e5 Bf5
15. Bxf5 Qxf5 16. exf6 Bd4 17. Qxd4 Qxg5 18. fxg7+ Rxg7 19. Qe4 Rag8 20. Ne2 f5
21. Qf3 Qxg2+ 22. Qxg2 Rxg2+ 23. Kh1 R2g5 24. Rg1 Rxg1+ 25. Rxg1 Rxg1+ 26. Kxg1
Kg7 27. Kg2 Kg6 28. Kg3 Kg5 29. Nd4 f4+ 30. Kf3 Kf6 1-0